| 000 | 00766nam a2200193Ii 4500 | ||
|---|---|---|---|
| 003 | JO-AjNU | ||
| 008 | 230605s9999||||xx |||||||||||||| ||und|| | ||
| 040 |
_aJO-AjNU _bara _erda _cJO-AjNU |
||
| 041 | _aara | ||
| 050 | 1 | 4 | _aPJ7575.M8297 |
| 100 | 3 |
_aمبارك، زكي, _eauthor _959406 |
|
| 245 | 0 | 0 | _aالنثر الفني في القرن الرابع، مج1،ج1-2 |
| 264 | 3 | 1 | _aبيروت: دار الجيل |
| 300 |
_aمج1،ج1-2: متعدد الترقيم _bالأصل أطروحة دكتوراة-جامعة باريس، 1931 |
||
| 336 |
_atext _btxt _2rdacontent |
||
| 337 |
_aunmediated _bn _2rdamedia |
||
| 338 |
_avolume _bnc _2rdacarrier |
||
| 650 | 4 |
_aالنثر العربي-تاريخ ونقد-العصر العباسي الثاني، 846-954 _959407 |
|
| 999 |
_aA26731 _c30299 _d30299 |
||